000 00833nam a22002297a 4500
999 _c17985
_d17985
003 OSt
005 20230323152432.0
008 230323b ||||| |||| 00| 0 eng d
040 _c0
082 _aDPer 570 J826 2021 v55 no. 1-5
100 _aNyberg, Eva.
_eauthor.
_948010
245 _aBeauty, memories and symbolic meaning :
_bSwedish student teachers' view of their favourite plant and animal /
_cEva Nyberg, Irma Brkovic, and Dawson Sanders
260 _aUnited Kingdom,
_bTaylor & Francis Group,
_cFebruary 2021.
300 _avolume 55, pages 31-44, illustration.
650 _aEducation.
_948011
650 _aScience.
_948012
650 _aSurveys.
_948013
700 _aNyberg, Eva.
_eauthor.
_948010
700 _aBrkovic, Irma.
_eauthor.
_948014
700 _aSanders, Dawson.
_eauthor.
_948015
942 _2ddc
_cPER